|
|
|
|
| LEADER |
01509nam a2200325 a 4500 |
| 001 |
40522 |
| 003 |
BD-DhAAL |
| 005 |
20230122175414.0 |
| 008 |
230122t19949992dcu b i100 0 eng |
| 010 |
|
|
|a 92016996
|
| 020 |
|
|
|a 1557753067 (v. 2)
|
| 040 |
|
|
|a DLC
|c DLC
|d DLC
|d BD-DhAAL
|
| 082 |
0 |
0 |
|a 346.08211
|2 20
|
| 245 |
0 |
0 |
|a Current legal issues affecting central banks,
|n volume 2 /
|c edited by Robert C. Effros.
|
| 260 |
|
|
|a Washington, D.C. :
|b International Monetary Fund,
|c c1994
|
| 300 |
|
|
|a xx, 466 pages ;
|c 23 cm.
|
| 362 |
|
|
|a vol. 2
|
| 500 |
|
|
|a Vol. 1: "May 1992"; v. 2: "May 1994"; v. 3: "July 1995"; v. 4: "March 1997"; v. 5: "April 1998"
|
| 500 |
|
|
|a Papers from a 1988 seminar for general counsels of central banks sponsored by the Legal Department of the IMF in conjunction with the IMF Institute.
|
| 504 |
|
|
|a Includes bibliographical references.
|
| 541 |
|
|
|a Donated By Akbar Ali Khan
|e 40522
|
| 650 |
|
0 |
|a Banks and banking, Central
|x Law and legislation
|x Congresses.
|9 51712
|
| 650 |
|
0 |
|a Banking law
|x Congresses.
|9 51713
|
| 700 |
1 |
|
|a Effros, Robert C.
|9 51714
|
| 710 |
2 |
|
|a International Monetary Fund.
|b Legal Department.
|9 51715
|
| 710 |
2 |
|
|a IMF Institute.
|9 51716
|
| 852 |
|
|
|a Ayesha Abed Library
|c Akbar Ali Khan Collection
|
| 942 |
|
|
|2 ddc
|c BK
|
| 999 |
|
|
|c 45475
|d 45475
|
| 952 |
|
|
|0 0
|1 0
|2 ddc
|4 0
|6 346_082110000000000_CUR
|7 1
|9 73044
|a BRACUL
|b BRACUL
|c AAKC
|d 2023-01-22
|e Donated by Akbar Ali Khan
|g 4489.59
|l 0
|o 346.08211 CUR
|p 3010040522
|r 2023-01-22
|t 1
|v 4489.59
|w 2023-01-22
|y BK
|x $42.50
|